| 000 | 01314nam0a22002651 4500 | ||
|---|---|---|---|
| 001 | rc\4605915 | ||
| 005 | 20130416194212.0 | ||
| 021 |
_aRU _b[66-53323] |
||
| 035 | _a(NLR Aleph) 008668621 | ||
| 090 |
_a9106283 _c9106283 |
||
| 100 | _a20130416d1966 |||y0rusy50 ca | ||
| 101 | 0 | _arus | |
| 102 | _aRU | ||
| 105 | _ay z ||||| | ||
| 200 | 1 |
_aОрошение и урожай _e(Материалы Всерос. семинара по освоению орошаемых земель, 12-15 авг. 1965 г.) _f[Ред. коллегия: ...Г.К. Льгов (гл. ред.) и др.] _gМ-во сел. хоз-ва КБАССР. Кабард.-Балкар. гос. с.-х. опыт. станция. Науч.-техн. о-во сел. хоз-ва КБАССР |
|
| 210 |
_aНальчик _cКабард.-Балкар. кн. изд-во _d1966 |
||
| 215 |
_a217 с. _d22 |
||
| 606 |
_aОрошаемое земледелие _yКабардино-Балкарская АССР _2psbo |
||
| 702 | 1 |
_aЛьгов _bГ. К. _gГеоргий Константинович _4340 |
|
| 712 | 0 | 2 | _aВсероссийский семинар по освоению орошаемых земель (1965; Нальчик) |
| 801 | 0 |
_aRU _bNLR _gpsbo |
|
| 801 | 1 |
_aRU _bELAR _2rusmarc |
|
| 852 |
_aNLR _j66-5/3437 |
||
| 942 | _cBOOK | ||
| 980 | _aNB | ||